[Event "Gligoric Cup 5th"]
[Site "Novi Sad"]
[Date "2018.11.05"]
[Round "2.3"]
[White "Lajthajm, Borko"]
[Black "Popovic, Zoran M"]
[Result "1-0"]
[WhiteElo "2407"]
[BlackElo "2182"]
[PlyCount "91"]
[EventDate "2018.11.04"]
[EventType "team-swiss"]
[EventRounds "5"]
[EventCountry "SRB"]
[SourceTitle "CBM 187 Extra"]
[Source "ChessBase"]
[SourceDate "2018.11.04"]
[SourceVersion "1"]
[SourceVersionDate "2018.11.04"]
[SourceQuality "1"]
[WhiteTeam "Kac Jugovic"]
[BlackTeam "Gajdobra Hercegovac"]
[WhiteTeamCountry "SRB"]
[BlackTeamCountry "SRB"]

1. d4 Nf6 2. c4 e6 3. Nf3 d5 4. Nc3 Be7 5. Bf4 c6 6. e3 0-0 7. Qc2 Nbd7 8. h3 h6 9. a3 c5 10. cxd5 exd5 11. Rd1 c4 12. g4 Qa5 13. g5 hxg5 14. Nxg5 Re8 15. Rg1 Nf8 16. Be5 g6 17. Bg2 Bf5 18. Qd2 Rad8 19. Bf3 N6h7 20. h4 f6 21. Nxh7 fxe5 22. Nxf8 Kxf8 23. dxe5 Bxh4 24. Qd4 g5 25. Bxd5 Qb6 26. Qxb6 axb6 27. Bxc4 Rc8 28. Bd3 Rxe5 29. Bxf5 Rxf5 30. Rg2 Ke7 31. Ke2 Ke6 32. f3 Rcf8 33. Rf1 Rc8 34. Rg4 b5 35. Re4+ Re5 36. Rxe5+ Kxe5 37. Rd1 Rc5 38. Rd7 b6 39. Rh7 Rc4 40. Kd3 Be1 41. Nxb5 Rh4 42. Rg7 Kf5 43. Nd4+ Kf6 44. Rb7 Rh2 45. Rxb6+ Kf7 46. a4 1-0

[Event "SRB-chT Cup"]
[Site "Kragujevac"]
[Date "2012.05.19"]
[Round "6"]
[White "Popovic, Zoran M"]
[Black "Cvetanovic, Uros"]
[Result "1-0"]
[WhiteElo "2131"]
[BlackElo "2211"]
[PlyCount "50"]
[EventDate "2012.05.14"]
[EventType "team-swiss"]
[EventRounds "7"]
[EventCountry "SRB"]
[SourceTitle "CBM 148 Extra"]
[Source "ChessBase"]
[SourceDate "2012.06.22"]
[SourceVersion "1"]
[SourceVersionDate "2012.06.22"]
[SourceQuality "1"]
[WhiteTeam "Hercegovac Gajdobra"]
[BlackTeam "Paracin"]
[WhiteTeamCountry "SRB"]
[BlackTeamCountry "SRB"]

1. e4 c5 2. Nf3 e6 3. d4 cxd4 4. Nxd4 a6 5. Bd3 Qc7 6. 0-0 Nf6 7. Be3 d5 8. Nc3 b5 9. exd5 b4 10. Ne4 Nxd5 11. Qh5 g6 12. Qh4 Bg7 13. c4 bxc3 14. bxc3 e5 15. Bc4 Nxe3 16. fxe3 0-0 17. Ng5 h5 18. Bxf7+ Rxf7 19. Rxf7 Qb6 20. Nc2 Qc6 21. Rd1 Nd7 22. Nb4 Qxc3 23. Nd5 Qc2 24. Rxg7+ Kxg7 25. Ne6+ Kf7 1-0

[Event "SRB-chT Cup"]
[Site "Kragujevac"]
[Date "2012.05.17"]
[Round "4"]
[White "Popovic, Zoran M"]
[Black "Nedeljkovic, Dragan"]
[Result "1/2-1/2"]
[WhiteElo "2131"]
[BlackElo "2146"]
[PlyCount "70"]
[EventDate "2012.05.14"]
[EventType "team-swiss"]
[EventRounds "7"]
[EventCountry "SRB"]
[SourceTitle "CBM 148 Extra"]
[Source "ChessBase"]
[SourceDate "2012.06.22"]
[SourceVersion "1"]
[SourceVersionDate "2012.06.22"]
[SourceQuality "1"]
[WhiteTeam "Hercegovac Gajdobra"]
[BlackTeam "Belgrade PTT"]
[WhiteTeamCountry "SRB"]
[BlackTeamCountry "SRB"]

1. e4 c6 2. d4 d5 3. Nc3 dxe4 4. Nxe4 Nd7 5. Nf3 Ngf6 6. Nxf6+ Nxf6 7. Bc4 Bf5 8. 0-0 e6 9. Bd3 Bg4 10. Be2 Bd6 11. h3 Bh5 12. Ne5 Bxe2 13. Qxe2 h6 14. c4 0-0 15. Bf4 Qe7 16. Rad1 Rad8 17. Qf3 Bb8 18. Rfe1 Nd7 19. Qg3 Nxe5 20. Bxe5 Bxe5 21. Qxe5 Qd6 22. Qa5 a6 23. Re4 Rd7 24. Rd3 Rfd8 25. Qc3 Qf8 26. Rg3 g6 27. Rd3 Qg7 28. Qd2 Kh7 29. f4 Qf6 30. Re5 Rd6 31. b4 R8d7 32. c5 Rd5 33. Qe3 Qd8 34. Rxd5 Rxd5 35. Kf2 Qh4+ 1/2-1/2

[Event "MNT-chT"]
[Site "Cetinje"]
[Date "2010.08.27"]
[Round "1"]
[White "Popovic, Zoran M"]
[Black "Vujovic, Radoslav"]
[Result "0-1"]
[WhiteElo "2184"]
[BlackElo "1992"]
[PlyCount "70"]
[EventDate "2010.08.27"]
[EventType "team-tourn"]
[EventRounds "9"]
[EventCountry "MNE"]
[SourceTitle "CBM 138 Extra"]
[Source "ChessBase"]
[SourceDate "2010.10.29"]
[SourceVersion "1"]
[SourceVersionDate "2010.10.29"]
[SourceQuality "1"]

1. e4 d5 2. exd5 Qxd5 3. d4 Bf5 4. Nf3 Qe4+ 5. Kd2 g6 6. Kc3 Nc6 7. Bd3 Qd5 8. Bxf5 Qa5+ 9. Kd3 Qxf5+ 10. Ke2 0-0-0 11. Re1 e5 12. c3 e4 13. Nfd2 Qh5+ 14. Kf1 Qxh2 15. Rxe4 Nf6 16. Re3 Qh1+ 17. Ke2 Qxg2 18. Qf1 Qd5 19. Qh3+ Kb8 20. Qf3 Bg7 21. Qxd5 Nxd5 22. Rf3 f5 23. Nc4 Bxd4 24. Bg5 Rhe8+ 25. Ne3 Bf6 26. Bxf6 Nxf6 27. Na3 Ne5 28. Rf4 Neg4 29. Nac2 Nh5 30. Rd4 Rxd4 31. cxd4 f4 32. Kf3 fxe3 33. Kxg4 exf2 34. Kf3 Rf8+ 35. Kg2 Ng3 0-1

[Event "BIH-chT 7th"]
[Site "Neum"]
[Date "2008.06.12"]
[Round "9"]
[White "Timofeev, Artyom"]
[Black "Popovic, Zoran M"]
[Result "1-0"]
[WhiteElo "2664"]
[BlackElo "2056"]
[PlyCount "59"]
[EventDate "2008.06.04"]
[EventType "team-tourn"]
[EventRounds "9"]
[EventCountry "BIH"]
[SourceTitle "EXT 2019"]
[Source "ChessBase"]
[SourceDate "2018.10.10"]
[SourceVersion "1"]
[SourceVersionDate "2018.10.10"]
[SourceQuality "1"]
[WhiteTeam "Sarajevo Bosna"]
[BlackTeam "Banja Luka SK Laus"]
[WhiteTeamCountry "BIH"]
[BlackTeamCountry "BIH"]

1. e4 c6 2. d4 d5 3. f3 e6 4. Nc3 b6 5. Be3 Ba6 6. Bxa6 Nxa6 7. Qd3 Qc8 8. Nge2 Nf6 9. g4 Nb4 10. Qd2 dxe4 11. Nxe4 Nbd5 12. Nxf6+ Nxf6 13. c4 Bd6 14. Ng3 0-0 15. Bg5 Nd7 16. Ne4 Bc7 17. 0-0-0 Qa6 18. b3 f5 19. gxf5 Rxf5 20. Kb1 c5 21. Rhg1 Rxf3 22. Qg2 Raf8 23. Bf6 g6 24. Qxf3 Bd8 25. dxc5 Qc8 26. Rxd7 Qxd7 27. Rd1 Qf7 28. c6 g5 29. Rd7 Qg6 30. Rxd8 1-0

[Event "BIH-chT 7th"]
[Site "Neum"]
[Date "2008.06.10"]
[Round "7"]
[White "Popovic, Zoran M"]
[Black "Zivkovic, Vjekoslav"]
[Result "1/2-1/2"]
[WhiteElo "2056"]
[BlackElo "2429"]
[PlyCount "46"]
[EventDate "2008.06.04"]
[EventType "team-tourn"]
[EventRounds "9"]
[EventCountry "BIH"]
[SourceTitle "EXT 2019"]
[Source "ChessBase"]
[SourceDate "2018.10.10"]
[SourceVersion "1"]
[SourceVersionDate "2018.10.10"]
[SourceQuality "1"]
[WhiteTeam "Banja Luka SK Laus"]
[BlackTeam "Siroki Brijeg"]
[WhiteTeamCountry "BIH"]
[BlackTeamCountry "BIH"]

1. d4 Nf6 2. c4 g6 3. Nc3 Bg7 4. e4 d6 5. Nf3 0-0 6. Be2 e5 7. 0-0 Nc6 8. d5 Ne7 9. Nd2 a5 10. a3 Nd7 11. Rb1 f5 12. b4 Kh8 13. Qc2 Ng8 14. Nb5 axb4 15. axb4 Ndf6 16. f3 c6 17. dxc6 bxc6 18. Nc3 d5 19. cxd5 cxd5 20. exd5 Ne7 21. d6 Qxd6 22. Nc4 Qb8 23. Be3 Nc6 1/2-1/2

[Event "Vojvodina Cup"]
[Site "Banja Junakovic"]
[Date "2007.04.28"]
[Round "1.6"]
[White "Krejic, Igor"]
[Black "Popovic, Zoran M"]
[Result "1-0"]
[WhiteElo "2284"]
[BlackElo "2114"]
[PlyCount "37"]
[EventDate "2007.04.28"]
[EventType "team"]
[EventRounds "5"]
[EventCountry "YUG"]
[SourceTitle "EXT 2008"]
[Source "ChessBase"]
[SourceDate "2007.11.25"]
[SourceVersion "1"]
[SourceVersionDate "2007.11.25"]
[SourceQuality "1"]

1. e4 c5 2. c3 e5 3. Nf3 d5 4. Nxe5 dxe4 5. Bc4 Nh6 6. d4 Nd7 7. Qa4 f6 8. Bxh6 fxe5 9. Be3 cxd4 10. cxd4 Qb6 11. 0-0 exd4 12. Bxd4 Qh6 13. Nc3 Bd6 14. g3 Kf8 15. Nxe4 Ne5 16. Bxe5 Bxe5 17. Qb4+ Ke8 18. Rfe1 Kd8 19. Rad1+ 1-0